WORLD AGRICULTURAL ECONOMICS AND RURAL SOCIOLOGY ABSTRACTS (Record no. 691)

MARC details
000 -LEADER
fixed length control field 00443nam a2200145Ia 4500
022 ## - INTERNATIONAL STANDARD SERIAL NUMBER
ISSN 0043-8219
245 #0 - TITLE STATEMENT
Title WORLD AGRICULTURAL ECONOMICS AND RURAL SOCIOLOGY ABSTRACTS
260 ## - PUBLICATION, DISTRIBUTION, ETC. (IMPRINT)
Name of publisher CAB International, Wallingford, Oxon
Place of publication UK
310 ## - CURRENT PUBLICATION FREQUENCY
Current publication frequency M
500 ## - GENERAL NOTE
General note Ending Volume & Year: 35, 1993
500 ## - GENERAL NOTE
General note Missing Volume: 22;23;31;33(1-7)
500 ## - GENERAL NOTE
General note Starting Volume & Year: 5, 1963
942 ## - ADDED ENTRY ELEMENTS (KOHA)
Koha item type Bound Journal
Holdings
Withdrawn status Lost status Damaged status Not for loan Home library Current library Date acquired Accession Number Koha item type
      Bound journals RRII Library RRII Library 31/12/2021 00684J Bound Journal